[Event "18th Belgrade Trophy"]
[Site "Obrenovac SCG"]
[Date "2005.11.22"]
[Round "1"]
[White "Cabrilo,G"]
[Black "Damia,A"]
[Result "1/2-1/2"]
[WhiteElo "2461"]
[BlackElo "2137"]

1.e4 d6 2.d4 Nf6 3.Nc3 e5 4.Nf3 Nbd7 5.Bc4 Be7 6.O-O c6 7.a4 a5 8.Re1 O-O
9.h3 Qc7 10.Ba2 Rb8 11.Qe2 h6 12.Be3 Re8 13.Rad1 Nf8 14.d5 Ng6 15.Nd2 cxd5
16.Nxd5 Nxd5 17.Bxd5 Bd7 18.Qh5 Nh8 19.b3 Bf8 20.c4 Be6 21.Nb1 Bxd5 22.Rxd5 Ng6
23.Nc3 Re6 24.g3 Ne7 25.Rd2 Qc6 26.Red1 g6 27.Qh4 g5 28.Qg4 Rg6 29.Nd5 b6
30.Qe2 Nxd5 31.Rxd5 Be7 32.Qd3 Kh7 33.Bc1 Qc8 34.Kg2 Qe6 35.f3 h5 36.Ba3 Rd8
37.Bc1 Kg8 38.g4 h4 39.Ba3 Qf6 40.Qe3 Rb8 41.R1d3 Kh7 42.Rb5 Qf4 43.Qxf4 gxf4
44.Bb2 Bd8 45.Kf1 Bc7 46.Bc3 Kg7 47.Be1 Rh6 48.Bf2 Kf8 49.Ke2 f6 50.b4 axb4
51.Rb3 Ke7 52.R3xb4 Rhh8 53.Bxb6 Bxb6 54.Rxb6 Rxb6 55.Rxb6 Ra8 56.Rb4 Kd7
57.Kd3 Kc6 58.Kc3 Ra6 59.Kd3 Ra8 60.Kc2 Ra7 61.Kb2 Kc5 62.Kc3 Kc6  1/2-1/2

[Event "18th Belgrade Trophy"]
[Site "Obrenovac SCG"]
[Date "2005.11.25"]
[Round "4"]
[White "Spasojevic,M"]
[Black "Andonov,B"]
[Result "0-1"]
[WhiteElo "2204"]
[BlackElo "2401"]

1.d4 d6 2.e4 Nf6 3.Nc3 c6 4.h3 Qa5 5.Bd3 e5 6.Nf3 Nbd7 7.O-O Be7 8.Re1 O-O
9.a3 Qc7 10.Bg5 h6 11.Be3 Re8 12.Qd2 Nf8 13.Red1 Ng6 14.Nh2 Bd7 15.f3 Red8
16.Qf2 Nh5 17.Nf1 Bh4 18.g3 Nhf4  0-1

[Event "ch-ROM"]
[Site "Baile Tusnad ROM"]
[Date "2005.11.26"]
[Round "1"]
[White "Grunberg,M"]
[Black "Minescu,D"]
[Result "1-0"]
[WhiteElo "2409"]
[BlackElo "2200"]

1.d4 d6 2.e4 Nf6 3.Nc3 e5 4.dxe5 dxe5 5.Qxd8+ Kxd8 6.Bc4 Be6 7.Bxe6 fxe6
8.Bg5 a6 9.O-O-O+ Bd6 10.f4 Nd7 11.Nf3 Ke7 12.f5 Rae8 13.Bh4 h6 14.g4 Kd8
15.h3 Kc8 16.Bf2 Bb4 17.Rhe1 Bxc3 18.bxc3 Rhg8 19.Re2 b6 20.Rde1 exf5 21.exf5 Nd5
22.Kb2 Nf4 23.Re4 Nxh3 24.Bg3 g6 25.Bxe5 Nf2 26.Rc4 Nxe5 27.Rxe5 Rxe5 28.Nxe5 gxf5
29.gxf5 Rf8 30.Rf4 Nh3 31.Rf1 Ng5 32.c4 c5 33.a4 Nf7 34.Ng6 Re8 35.f6 Re6
36.Ne7+ Kd7 37.Nd5 Kc6  1-0

[Event "65th ch-ITA"]
[Site "Cremona ITA"]
[Date "2005.11.26"]
[Round "4"]
[White "Manca,F"]
[Black "Borgo,G"]
[Result "1/2-1/2"]
[WhiteElo "2408"]
[BlackElo "2408"]


1.e4 d6 2.d4 Nf6 3.Nc3 e5 4.Nf3 Nbd7 5.Bc4 Be7 6.O-O c6 7.a4 O-O 8.Re1 b6
9.d5 Bb7 10.dxc6 Bxc6 11.Nd5 Nxd5 12.Bxd5 Bxd5 13.Qxd5 Qc7 14.c3 Rac8 15.Nd2 Qc6
16.Qxc6 Rxc6 17.Nf1 f5 18.exf5 Rxf5 19.Ne3 Rf7 20.Nd5  1/2-1/2

[Event "TCh-NED 2005-6"]
[Site "Netherlands NED"]
[Date "2005.11.26"]
[Round "4"]
[White "Van den Doel,E"]
[Black "Reinderman,D"]
[Result "1/2-1/2"]
[WhiteElo "2582"]
[BlackElo "2493"]

1.e4 d6 2.d4 Nf6 3.Nc3 e5 4.dxe5 dxe5 5.Qxd8+ Kxd8 6.Bc4 Ke8 7.Nf3 Bd6 8.Bg5 Nbd7
9.O-O-O h6 10.Bh4 a6 11.a4 b6 12.Rhe1 Bb7 13.Kb1 Ke7 14.Nd5+ Bxd5 15.Bxd5 Rab8
16.Bc6 Nf8 17.Nd4 exd4 18.e5 Bxe5 19.f4 g5 20.fxe5 Ne6 21.exf6+ Kd6 22.Bf3 gxh4
23.c3 Rhg8 24.Re4 h3 25.gxh3 Rg6 26.Bg4 Rxf6 27.Bxe6 fxe6 28.Rexd4+ Ke5 29.Re1+ Kf5
30.Rd7 c5 31.Rd6 Rg6 32.Re2 h5 33.Kc2 Rb7 34.a5 bxa5 35.Rxa6 Rb5 36.Rc6 a4
37.Ra6 Rg8 38.Rxa4 Rgb8 39.Kc1 e5 40.Rh4 Rh8 41.Kc2 Ra5 42.Rhe4 Re8 43.Kd3 Rd8+
44.Kc4 Re8 45.b3 Raa8 46.Kxc5 Rec8+ 47.Kd5 Ra5+ 48.Kd6 Ra6+ 49.Kd7 Rxc3 50.Rxe5+ Kf4
51.R2e4+ Kf3 52.b4 Rb6 53.Rh4 Rb7+ 54.Kd6 Rb6+ 55.Kd5 Rc8 56.Rexh5 Rb5+ 57.Kd6 Rb6+
58.Kd7 Rcb8 59.Rc4 R8b7+ 60.Rc7 Rxc7+ 61.Kxc7 Rxb4 62.Kd6 Rb2 63.Rf5+ Ke4
64.Ra5 Rxh2 65.h4 Kf4 66.h5 Kg4 67.Rb5  1/2-1/2

[Event "TCh-NED 2005-6"]
[Site "Netherlands NED"]
[Date "2005.11.26"]
[Round "4"]
[White "Cuijpers,F"]
[Black "Carlier,B"]
[Result "1-0"]
[WhiteElo "2496"]
[BlackElo "2464"]

1.e4 d6 2.d4 Nf6 3.Nc3 e5 4.dxe5 dxe5 5.Qxd8+ Kxd8 6.Nf3 Bd6 7.Bg5 Be6 8.O-O-O Nd7
9.Bb5 Kc8 10.Nd2 c6 11.Bc4 Re8 12.Bxe6 Rxe6 13.Nc4 Bb4 14.f3 Bxc3 15.bxc3 Kc7
16.Be3 b5 17.Na5 c5 18.Nb3 c4 19.Nc5 Nxc5 20.Bxc5 Nd7 21.Rd5 Nf6 22.Rd2 Rd8
23.Rxd8 Kxd8 24.Bxa7 Ra6 25.Bf2 Rxa2 26.Kb1 Ra6 27.Bg3 Nd7 28.Rd1 f6 29.Rd5 Rb6
30.Bf2 Rb7 31.Bc5 Ke8 32.Bb4 g6 33.Kc1 Kf7 34.Kd2 f5 35.exf5 gxf5 36.f4 Ke6
37.Rd6+ Kf7 38.Rd5 Ke6 39.Rd6+ Kf7 40.Ke3 e4 41.g4 Nf6 42.gxf5 Rc7 43.Kd4 Rc8
44.Ra6 Rd8+ 45.Ke3 Re8 46.Ra7+ Kg8 47.Bd6 Nd5+ 48.Kd4 e3 49.Kxd5 e2 50.f6 e1=Q
51.f7+ Kh8 52.fxe8=Q+ Qxe8 53.Be5+ Kg8 54.Rg7+ Kf8 55.Rxh7 Qa8+ 56.Kc5 Qa4
57.h4 Qxc2 58.Rh8+ Kf7 59.h5 Qb1 60.Rb8 Qh1 61.Rh8 Qb1 62.h6 Kg6 63.h7 Kh6
64.Rb8 Kxh7 65.Rxb5 Qd3 66.Rb4 Kg6 67.Rxc4 Kf5 68.Rb4 Qe3+ 69.Kd6 Qd3+ 70.Ke7 Qa6
71.Kd7 Qa7+ 72.Kc6 Qa6+ 73.Kc5 Qa5+ 74.Rb5 Qa7+ 75.Kb4 Qe7+ 76.Bd6+  1-0

[Event "18th Belgrade Trophy"]
[Site "Obrenovac SCG"]
[Date "2005.11.26"]
[Round "5"]
[White "Stankovic,G"]
[Black "Radivojevic,Milo"]
[Result "0-1"]
[WhiteElo "2086"]
[BlackElo "2234"]

1.e4 d6 2.d4 Nf6 3.Nc3 c6 4.a4 a5 5.h3 Nbd7 6.Nf3 e5 7.g3 Be7 8.Bg2 O-O 9.O-O Qc7
10.Be3 exd4 11.Nxd4 Nc5 12.g4 Re8 13.g5 Nfd7 14.Nf5 Bf8 15.Ng3 d5 16.Qd2 dxe4
17.Ncxe4 Nxe4 18.Nxe4 Ne5 19.Bf4 Qb6 20.Qc3 Ng6 21.Be3 Qc7 22.Nc5 Nh4 23.Rad1 Bf5
24.Rd4 Nxg2 25.Kxg2 b6 26.Nd3 c5 27.Rh4 Qb7+ 28.Kh2 Qf3 29.Bf4 Re2 30.Qc4 Rd8
31.Bg3 Be4 32.Rg1 Rxd3  0-1

[Event "TCh-HUN 2005-6"]
[Site "Hungary HUN"]
[Date "2005.11.27"]
[Round "4"]
[White "Varadi,V"]
[Black "Szuk,B"]
[Result "0-1"]
[WhiteElo "2374"]
[BlackElo "2392"]

1.e4 d6 2.d4 Nf6 3.Nc3 e5 4.Nf3 Nbd7 5.Bc4 Be7 6.O-O O-O 7.a4 c6 8.Re1 b6
9.b3 Bb7 10.d5 c5 11.Bd3 Ne8 12.Nd2 g6 13.Nc4 f5 14.Bh6 Rf6 15.f4 fxe4 16.Rxe4 Rf7
17.fxe5 Nxe5 18.Nxe5 dxe5 19.Qe1 Bf6 20.Rd1 Nd6 21.Re2 Nf5 22.Bc1 Bg7 23.Bc4 Kh8
24.Rf2 Rf8 25.Ne4 h6 26.Ng3 Qd6 27.Bb2 Rae8 28.Rd3 Nd4 29.Rxf8+ Rxf8 30.c3 Nf5
31.Ne4 Qd8 32.Ba3 Nd6 33.Nxd6 Qxd6 34.b4 Rf4 35.bxc5 bxc5 36.Bb3 Qb6 37.c4 e4
38.Rh3 Bc8 39.Rg3 Bd4+ 40.Kh1 Qf6  0-1

[Event "WCC"]
[Site "Khanty Mansyisk RUS"]
[Date "2005.11.27"]
[Round "1.2"]
[White "Smirnov,P"]
[Black "Bocharov,D"]
[Result "1/2-1/2"]
[WhiteElo "2637"]
[BlackElo "2592"]

1.e4 d6 2.d4 Nf6 3.Nc3 e5 4.dxe5 dxe5 5.Qxd8+ Kxd8 6.Bg5 Be6 7.O-O-O+ Nd7
8.f4 exf4 9.Nf3 Kc8 10.Bxf4 Bc5 11.h3 Nh5 12.Bh2 Be3+ 13.Kb1 Bf4 14.g4 Bxh2
15.Rxh2 Nf4 16.Rf2 Ng6 17.Nd4 Nge5 18.Nd5 c6 19.Bg2 Re8 20.b3 b6 21.Rfd2 g6
22.c4 f6 23.Rf1 cxd5 24.cxd5 Bf7 25.Rc1+ Kb7 26.Nb5 Rac8 27.Nd6+ Kb8 28.Nxc8 Rxc8
29.Rxc8+ Kxc8 30.Kb2 Kc7 31.Kc3 Kd6 32.Kd4 g5 33.b4 b5 34.Rc2 Nb6 35.Bf1 Be8
36.Rf2 Ke7 37.Be2 Nc8 38.h4 h6 39.hxg5 hxg5 40.Bd1 Nd6 41.Rc2 Kd8 42.Rc3 Bd7
43.Ra3 Nc8 44.Kc5 Bxg4 45.Bxg4 Nxg4 46.Rh3 Ne5 47.Rh7 Nd7+ 48.Kxb5 Kc7 49.Ka6 g4
50.Rg7 g3 51.Rxg3 Nd6 52.Rg4 Nb8+ 53.Ka5 Nc4+ 54.Ka4 Nd6 55.Rg7+ Nd7 56.Re7 f5
57.e5 Nc8 58.Rf7 Kd8 59.Rxf5 Ndb6+ 60.Kb5 Nxd5 61.Kc5 Nde7 62.Rf6 Kc7 63.e6 Nd6
64.Rf4 a6 65.Rd4 Nb7+ 66.Kc4 Nd6+ 67.Kc5 Nb7+ 68.Kc4 Nd6+ 69.Kb3 Kc6 70.Rd1 Nd5
71.Rc1+ Kb6 72.Rc5 Ne7 73.Ka4 Nb5 74.Rc1 Nc7 75.Rd1 Ned5 76.Rd4 Nc3+ 77.Kb3 N3d5
78.Re4 Kc6 79.Re1 Kd6 80.Rc1 Nxe6 81.Ka4 Nd4 82.a3 Nc6 83.Rh1 Nb6+ 84.Kb3 Nd4+
85.Kb2 Kc6 86.Rh6+ Kb7 87.Rh7+ Kc6 88.Ra7 Kb5 89.Kc3 Nc6 90.Rh7 Nd5+ 91.Kd3 Nde7
92.Kc2 Ka4 93.Kb2 a5 94.bxa5 Kxa5 95.Kb3 Kb6 96.a4 Nd5 97.Kc4 Ne3+ 98.Kd3  1/2-1/2

[Event "ch-ROM"]
[Site "Baile Tusnad ROM"]
[Date "2005.11.28"]
[Round "3"]
[White "Kutnik,A"]
[Black "Badea,B"]
[Result "0-1"]
[WhiteElo "2192"]
[BlackElo "2492"]

1.e4 d6 2.d4 Nf6 3.Nc3 e5 4.Nge2 c6 5.h3 b5 6.dxe5 dxe5 7.Qxd8+ Kxd8 8.Bg5 Be7
9.Ng3 g6 10.a4 b4 11.Nb1 h6 12.Be3 h5 13.Bd3 h4 14.Ne2 Nbd7 15.f3 Bc5 16.Kf2 Bxe3+
17.Kxe3 Nc5 18.Bc4 Ke7 19.Nd2 Ne8 20.Nc1 a5 21.Ncb3 Nb7 22.Rhc1 Ned6 23.c3 bxc3
24.Rxc3 Bd7 25.Be2 Rhb8 26.Rd1 Be8 27.f4 exf4+ 28.Kxf4 Nd8 29.Ke3 Rb4 30.Ra1 Ne6
31.Bd3 f6 32.Nc4 Nxc4+ 33.Bxc4 Ng5 34.Ra2 Kd6 35.Nd2 Bd7 36.b3 Re8 37.Rd3+ Kc7
38.Kd4 Ne6+ 39.Kc3 Nf4 40.Rf3 g5 41.Rf2 c5 42.Ra1 Bc6 43.Rg1 Bxe4 44.Re1 f5
45.Nf3 Nxg2 46.Rg1 Ne3 47.Bf7 Rd8 48.Nd2 g4 49.hxg4 fxg4 50.Bc4 Bd5 51.Rf4 h3
52.Rf2 Bg2 53.Nf1  0-1

[Event "ch-ROM"]
[Site "Baile Tusnad ROM"]
[Date "2005.11.28"]
[Round "3"]
[White "Sofronie,I"]
[Black "Minescu,D"]
[Result "1-0"]
[WhiteElo "2434"]
[BlackElo "2200"]

1.e4 d6 2.d4 Nf6 3.Nc3 e5 4.Nf3 Nbd7 5.Bc4 Be7 6.O-O O-O 7.a4 c6 8.Ba2 h6
9.h3 Re8 10.Be3 Qc7 11.dxe5 dxe5 12.Nh4 Nc5 13.Qf3 Be6 14.Nf5 Bxa2 15.Rxa2 Ne6
16.Raa1 Ng5 17.Bxg5 hxg5 18.Rad1 g6 19.Nxe7+ Qxe7 20.Rd3 Nh7 21.Rfd1 Red8
22.Qe3 b6 23.Qd2 Rxd3 24.Qxd3 Nf8 25.Qc4 Rc8 26.Nd5 Qe6 27.Ne3 Qxc4 28.Nxc4 f6
29.c3 Rc7 30.Rd8 Kf7 31.Ra8 Nd7 32.b4 Ke7 33.Ne3 Kf7 34.Kf1 Nf8 35.Ke2 Ne6
36.g3 c5 37.Nd5 Rb7 38.b5 c4 39.Rc8 Nc5 40.f3 Nxa4 41.Rc6 f5 42.Rf6+ Kg7
43.Re6 fxe4 44.fxe4 Nc5 45.Rxe5 Rd7 46.Ke3 Kh6 47.Kd4 Nb7 48.Kxc4 Nd6+ 49.Kb4 Nxe4
50.Nxb6 axb6 51.Rxe4 Rd3 52.Rg4 Kh5 53.c4 Rd1 54.Re4 Rb1+ 55.Kc3 Rc1+ 56.Kd4 Rd1+
57.Ke5 Rd3 58.Rg4 Rd1 59.Rd4 Rh1 60.Kd6 Rxh3 61.g4+ Kh4 62.Kc6 Rd3 63.Rxd3  1-0

[Event "18th Belgrade Trophy"]
[Site "Obrenovac SCG"]
[Date "2005.11.28"]
[Round "7"]
[White "Kozhuharov,S"]
[Black "Damia,A"]
[Result "1-0"]
[WhiteElo "2419"]
[BlackElo "2137"]

1.e4 d6 2.d4 Nf6 3.Nc3 e5 4.Nf3 Nbd7 5.Bc4 Be7 6.O-O c6 7.a4 a5 8.Re1 O-O
9.b3 h6 10.Bb2 Qc7 11.h3 Re8 12.Qd2 Nf8 13.Rad1 Ng6 14.Bf1 Bd7 15.g3 Rad8
16.Bg2 Nh7 17.d5 Bc8 18.dxc6 bxc6 19.Nb1 f5 20.Bc3 fxe4 21.Bxa5 Qd7 22.Rxe4 d5
23.Nxe5 Qf5  1-0

[Event "WCC"]
[Site "Khanty Mansyisk RUS"]
[Date "2005.11.29"]
[Round "1.4"]
[White "Kudrin,S"]
[Black "Eljanov,P"]
[Result "1/2-1/2"]
[WhiteElo "2551"]
[BlackElo "2663"]

1.e4 d6 2.d4 Nf6 3.Nc3 e5 4.Nf3 Nbd7 5.Bc4 Be7 6.O-O O-O 7.a4 c6 8.Qe2 exd4
9.Nxd4 Nc5 10.Bf4 Re8 11.Nb3 Ncxe4 12.Nxe4 d5 13.Bxd5 Nxd5 14.Bg3 Bf5 15.Rad1 Bf6
16.f3 Bxb2 17.Qf2 Qb6 18.Nd6 Bxc2 19.Rd2 Qxb3 20.Rxc2 Bd4 21.Qxd4 Qxc2 22.Nxe8 Rxe8
23.Bf2 b6 24.h4 h6 25.a5 bxa5 26.Qxa7 Nf4 27.Qxa5 Qg6 28.g3 Nh3+ 29.Kg2 Nxf2
30.Rxf2 Qd3  1/2-1/2

[Event "18th Belgrade Trophy"]
[Site "Obrenovac SCG"]
[Date "2005.11.29"]
[Round "8"]
[White "Karaklajic,N"]
[Black "Damia,A"]
[Result "1-0"]
[WhiteElo "2353"]
[BlackElo "2137"]

1.e4 d6 2.d4 Nf6 3.Nc3 e5 4.dxe5 dxe5 5.Qxd8+ Kxd8 6.Bc4 Be6 7.Bxe6 fxe6
8.Bg5 Nd7 9.O-O-O a6 10.f4 Bd6 11.Nf3 Ke7 12.f5 exf5 13.exf5 Kf7 14.Rhe1 Rhe8
15.Bxf6 Nxf6 16.Ng5+ Kg8 17.Nce4 Nxe4 18.Nxe4 Rad8 19.Re3 Be7 20.Red3 Rxd3
21.Rxd3 Rd8 22.Kd2 Rxd3+ 23.Kxd3 b5 24.Nd2 Kf7 25.Ke4 Kf6 26.Nf3 g6 27.fxg6 hxg6
28.Nxe5 Bd6 29.Nf3 Ke6 30.g4 c6 31.Nd4+ Kf6 32.h4 Bg3 33.Nf3 a5 34.b3 Kg7
35.Kd4 Bf2+ 36.Ke5 a4 37.bxa4 bxa4 38.Kd6 c5 39.Kc6 Be3 40.Kb5 a3 41.Ka4 Bc1
42.Ne5 Bb2 43.Nd7 c4 44.Nb6 Bf6 45.h5 gxh5 46.gxh5 c3 47.Kxa3 Kh6 48.Kb4 Kxh5
49.a4 Be5 50.a5 Kg4 51.a6 Bb8 52.Nc8  1-0

[Event "18th Belgrade Trophy"]
[Site "Obrenovac SCG"]
[Date "2005.11.29"]
[Round "8"]
[White "Popchev,M"]
[Black "Djosic,S"]
[Result "1-0"]
[WhiteElo "2457"]
[BlackElo "2290"]

1.Nc3 Nf6 2.e4 d6 3.d4 Nbd7 4.Be3 e5 5.g3 Be7 6.Bg2 O-O 7.h3 c6 8.a4 Qa5
9.Ne2 d5 10.exd5 exd4 11.Qxd4 Bc5 12.Qd2 Bxe3 13.fxe3 Ne5 14.b3 Rd8 15.e4 b5
16.Nf4 b4 17.Nce2 Ba6 18.O-O Rac8 19.Rf2 Re8 20.Re1 Qc5 21.Nd4 Nd3 22.Nxd3 Qxd4
23.Qxb4 c5 24.Qxd4 cxd4 25.Nb4 Bb7 26.Rd2 Bxd5 27.Rxd4 Bb7 28.a5 Rc5 29.a6 Bc8
30.c4 Ra5 31.Kf2 Nd7 32.Red1 Nc5 33.Rd8 Kf8 34.e5 Bd7 35.R1xd7 Nxd7 36.Rxd7 Raxe5
37.Bf3 Re3 38.Rd3 Rxd3 39.Nxd3 Re6 40.Nc5 Rd6 41.Ke3 Ke7 42.b4 f5 43.b5 g5
44.Bd5 h5 45.Na4 Rd7 46.b6 Kd6 47.bxa7  1-0

[Event "ch-ROM"]
[Site "Baile Tusnad ROM"]
[Date "2005.12.02"]
[Round "7"]
[White "Murariu,A"]
[Black "Badea,B"]
[Result "0-1"]
[WhiteElo "2441"]
[BlackElo "2492"]

1.e4 d6 2.d4 Nf6 3.Nc3 e5 4.Nf3 Nbd7 5.Bc4 Be7 6.O-O O-O 7.Re1 c6 8.a4 b6
9.d5 cxd5 10.Nxd5 Bb7 11.b3 Rc8 12.Re2 Re8 13.Nc3 Nc5 14.Ng5 Rf8 15.f3 a6
16.Be3 h6 17.Nh3 Nxa4 18.Nxa4 b5 19.Nb6 Rc6 20.Bd5 Rxb6 21.Kh1 Nxd5 22.exd5 b4
23.Bxb6 Qxb6 24.Nf2 a5 25.f4 Ba6 26.Nd3 Bf6 27.fxe5 dxe5 28.Re4 Rd8 29.Nxe5 Qc5
30.Qf3 Rxd5 31.c4 Rxe5 32.Rxe5 Qxe5 33.Rd1 Qe8 34.Qd5 a4 35.Qa5 Bb7 36.Rg1 Bd4  0-1

[Event "TCh-CZE Extraliga 2005-6"]
[Site "Czech Rep CZE"]
[Date "2005.12.04"]
[Round "6"]
[White "Petrik,T"]
[Black "Voloshin,L"]
[Result "1-0"]
[WhiteElo "2473"]
[BlackElo "2470"]

1.e4 d6 2.d4 Nf6 3.Nc3 e5 4.Nf3 Nbd7 5.Bc4 Be7 6.O-O O-O 7.Re1 c6 8.a4 b6
9.d5 cxd5 10.Nxd5 Nxd5 11.Bxd5 Rb8 12.Qd3 Nf6 13.Bb3 h6 14.Bd2 Bb7 15.Bb4 d5
16.Bxe7 Qxe7 17.Bxd5 Bxd5 18.exd5 e4 19.Qb3 Qc5 20.Nd2 Rfe8 21.c4 Re5 22.Qc3 Rbe8
23.b4 Qd6 24.Nf1 a6 25.Rad1 b5 26.axb5 axb5 27.c5 Nxd5 28.cxd6 Nxc3 29.d7 Rf8
30.d8=Q Rxd8 31.Rxd8+ Kh7 32.Rc8 Na4 33.f3 f5 34.fxe4 fxe4 35.Re3 Re7 36.Ng3 Nb6
37.Rc5 Nc4 38.Rxe4 Ra7 39.Re1 Ra2 40.Rxb5 Rb2 41.h3 Na3 42.Rb7 Nc2 43.Ree7  1-0

[Event "GM"]
[Site "Elgoibar ESP"]
[Date "2005.12.11"]
[Round "3"]
[White "Maze,S"]
[Black "Paunovic,D"]
[Result "1-0"]
[WhiteElo "2506"]
[BlackElo "2514"]

1.e4 d6 2.d4 Nf6 3.Nc3 e5 4.dxe5 dxe5 5.Qxd8+ Kxd8 6.Bc4 Be6 7.Bxe6 fxe6
8.Be3 Nbd7 9.f3 a6 10.Nge2 Bd6 11.a4 Ke7 12.Nc1 Nb8 13.Nd3 Nc6 14.Ne2 Nd7
15.Kf2 Nb4 16.Nxb4 Bxb4 17.Nc1 Bc5 18.a5 b5 19.Nd3 Bxe3+ 20.Kxe3 c5 21.h4 Rac8
22.Rad1 Rhd8 23.c3 Ke8 24.g3 c4 25.Nb4 Nc5 26.f4 exf4+ 27.gxf4 g6 28.Rxd8+ Rxd8
29.h5 Kf7 30.hxg6+ Kxg6 31.Rg1+ Kf6 32.Rh1 Kg6 33.Rg1+ Kf6 34.Rg5 Rc8 35.Nc2 Nd3
36.Nd4 Nxb2 37.e5+ Kf7 38.f5 exf5 39.Rxf5+ Kg8 40.Rg5+ Kf8 41.e6 b4 42.Nf5  1-0

[Event "ch-Marshall CC"]
[Site "New York USA"]
[Date "2005.12.11"]
[Round "4"]
[White "Molner,M"]
[Black "Scekic,M"]
[Result "0-1"]
[WhiteElo "2241"]
[BlackElo "2395"]

1.e4 c6 2.d4 d6 3.Nc3 Nf6 4.f4 g6 5.Nf3 Bg4 6.h3 Bxf3 7.Qxf3 Qb6 8.e5 Nfd7
9.exd6 e6 10.Bd2 Bxd6 11.Ne4 Be7 12.O-O-O Nf6 13.c4 Nbd7 14.Bc3 Nxe4 15.Qxe4 Bf6
16.g4 O-O-O 17.Bg2 Qa6 18.c5 Qxa2 19.g5 Bg7 20.Rhe1 h6 21.Qc2 Nb8  0-1

[Event "GM"]
[Site "Elgoibar ESP"]
[Date "2005.12.13"]
[Round "5"]
[White "Lopez Martinez,J"]
[Black "Gonzalez de la Torre,S"]
[Result "1/2-1/2"]
[WhiteElo "2505"]
[BlackElo "2352"]

1.e4 d6 2.d4 Nf6 3.Nc3 e5 4.Nge2 c6 5.a4 Nbd7 6.g3 b6 7.Bg2 Ba6 8.h3 h5 9.Bg5 Be7
10.Qd2 Nh7 11.Bxe7 Qxe7 12.h4 Nhf6 13.d5 cxd5 14.Nxd5 Nxd5 15.Qxd5 Rc8 16.Nc3 Nf6
17.Qd2 O-O 18.O-O-O Rc6 19.Kb1 Rfc8 20.f3 Qe8 21.Bh3 R8c7 22.Rh2 g6 23.Nb5 Bxb5
24.axb5 Rxc2 25.Qxc2 Rxc2 26.Rxc2 Qxb5 27.Rxd6 Kg7 28.Rdd2 Qa4 29.Rd3 b5
30.Bf1 b4 31.b3 Qb5 32.Rd1 Qb6 33.Bc4 Qe3 34.Rf1 Nd7 35.Re2 Qc3 36.Rc2 Qe3
37.Re2 Qd4 38.Rc2 Nb6 39.Bb5 a5 40.Rff2 Qe3 41.Kb2 a4 42.Bxa4 Nxa4+ 43.bxa4 Qa3+
44.Kb1 Qxa4 45.Rb2 b3 46.Rbd2 Qa3 47.Rde2 Kf8 48.Re3 Qc5 49.Rfe2 Qd4 50.f4 exf4
51.gxf4 Ke7 52.Re1 Qf6 53.Rf3 Qxh4 54.Ree3  1/2-1/2

[Event "12th Open"]
[Site "Zadar CRO"]
[Date "2005.12.13"]
[Round "2"]
[White "Malysheva,P"]
[Black "Biti,O"]
[Result "0-1"]
[WhiteElo "2295"]
[BlackElo "2359"]

1.e4 d6 2.d4 Nf6 3.Nc3 e5 4.Nf3 Nbd7 5.Bc4 Be7 6.O-O c6 7.a4 Qa5 8.Ba2 O-O
9.Re1 Re8 10.h3 h6 11.dxe5 Nxe5 12.Nd4 Ng6 13.f4 Qh5 14.Qd3 Nh4 15.Bd2 Qg6
16.Re2 Nh5 17.f5 Qg3 18.Qxg3 Nxg3 19.Re3 Bg5 20.Rxg3 Bxd2 21.Nde2 d5 22.Rg4 Bg5
23.exd5 Bxf5 24.Rb4 Rab8 25.Rf1 Bg6 26.Nf4 Bxc2 27.Rf2 Bh7 28.d6 Re1+ 29.Kh2 Nf5
30.d7 Bh4 31.Rf3 a5 32.Re4 Rxe4 33.Nxe4 Rd8 34.Rd3 Be7 35.Rd2 Ne3 36.Ng3 Bg5
37.Rf2 Rxd7 38.Ne6 Bh4 39.Rf3 Nd5 40.Nc5 Re7 41.Nh5 Bg5 42.Rf2 Be3  0-1

[Event "12th Women"]
[Site "Zadar CRO"]
[Date "2005.12.13"]
[Round "2"]
[White "Solic,K"]
[Black "Voiska,M"]
[Result "0-1"]
[WhiteElo "2162"]
[BlackElo "2309"]

1.e4 d6 2.d4 Nf6 3.Nc3 e5 4.Nf3 Nbd7 5.Bc4 Be7 6.O-O O-O 7.Bg5 h6 8.Be3 c6
9.a4 exd4 10.Nxd4 d5 11.exd5 Nb6 12.Bd3 Nbxd5 13.Nxd5 Nxd5 14.Bd2 Bf6 15.c3 Bxd4
16.cxd4 Qf6 17.Bc3 Bf5 18.Bc4 Be4 19.Qg4 Nf4 20.f3 h5 21.Qd7 Qg5 22.g3 Bd5
23.Bxd5 Nxd5 24.f4 Qg4 25.Qxg4 hxg4 26.Rfe1 Rfe8 27.Kf2 f6 28.Rad1 Kf7 29.Rc1 Rh8
30.Rh1 Rae8 31.Rce1 Rd8 32.Re4 Kg6 33.Ree1 Rh5 34.Re2 Kf7 35.Kg2 Rdh8 36.Bd2 Ne7
37.Bb4 Nf5 38.Bc3 Rh3 39.Ree1 Rd8 40.Re4 Rd5 41.Rhe1 Rh8 42.R1e2 Rd7 43.b4 Ne7
44.b5 Nd5 45.Be1 Re7 46.Rxe7+ Nxe7 47.bxc6 Nxc6 48.d5 Nd4 49.Rb2 b6 50.Bf2 Nf3
51.Bg1 Rd8 52.a5 bxa5 53.Rb7+ Kg6 54.Rb5 Rc8 55.Rxa5 Rc2+ 56.Bf2 Nd2 57.Kg1 Nf3+
58.Kg2 Nxh2 59.Kxh2 Rxf2+ 60.Kg1 Rd2 61.Rxa7 Rxd5 62.Ra2 Kf5 63.Kf2 Rd3 64.Re2 g6
65.Kg2 Rf3 66.Re8 Ra3 67.Re2 Ra4 68.Kf2 Re4 69.Ra2 Re7 70.Ra5+ Ke4 71.Ra4+ Kd5
72.Ra5+ Ke6 73.Ra6+ Kf7 74.Ra2 Rd7 75.Rb2 Rd5 76.Re2 Rd4 77.Ke3 Rd1 78.Kf2 Rh1
79.Kg2 Rh5 80.Ra2 Rd5 81.Re2 f5 82.Ra2 Rd3 83.Re2 Kf6 84.Ra2 Ke6 85.Ra6+ Kd5
86.Ra5+ Kd4 87.Ra8 Rd2+ 88.Kg1 Ke3 89.Ra3+ Rd3 90.Ra2 Rd1+ 91.Kg2 Rd2+ 92.Rxd2 Kxd2
93.Kf2 Kd3 94.Kf1 Ke3 95.Kg1 Kf3 96.Kh2 Kf2  0-1

[Event "12th Open"]
[Site "Zadar CRO"]
[Date "2005.12.14"]
[Round "4"]
[White "Martic,Z"]
[Black "Biti,O"]
[Result "1-0"]
[WhiteElo "2298"]
[BlackElo "2359"]

1.d4 d6 2.e4 Nf6 3.Nc3 e5 4.dxe5 dxe5 5.Qxd8+ Kxd8 6.Bg5 Bd6 7.O-O-O Nd7
8.Bc4 Ke8 9.f3 a6 10.Nge2 Bc5 11.Kb1 c6 12.Ng3 g6 13.Rhf1 h6 14.Bc1 Kf8 15.f4 Kg7
16.f5 g5 17.Na4 Be7 18.Be6 Rd8 19.Bxd7 Bxd7 20.Nb6 Rab8 21.Nh5+ Nxh5 22.Nxd7 Rbc8
23.Nxe5 Nf6 24.Nd3 Bf8 25.Rde1 Re8 26.e5 Nd5 27.a3 Rcd8 28.h4 g4 29.h5 c5
30.Re4 b5 31.Rxg4+ Kh7 32.Re1 c4 33.Nf4 Bg7 34.Nxd5 Rxd5 35.f6 Bxf6 36.Rf1 Bg5
37.Bxg5 hxg5 38.Rxg5 Kh6 39.Rgf5 Rexe5 40.Rxe5 Rxe5 41.Rxf7 Kxh5 42.Rg7 Re1+
43.Ka2 Re2 44.c3 Kh6 45.Rb7 Rxg2 46.Rb6+ Kg7 47.Rxa6 Rg5 48.Rc6 Kf7 49.a4  1-0

[Event "GM"]
[Site "Elgoibar ESP"]
[Date "2005.12.15"]
[Round "7"]
[White "Fernandez Romero,Ern"]
[Black "Gonzalez de la Torre,S"]
[Result "1/2-1/2"]
[WhiteElo "2442"]
[BlackElo "2352"]

1.e4 d6 2.d4 Nf6 3.Nc3 e5 4.dxe5 dxe5 5.Qxd8+ Kxd8 6.Bg5 Be6 7.O-O-O+ Kc8
8.f4 exf4 9.Nge2 Bb4 10.Bxf6 gxf6 11.Nxf4 c6 12.Nxe6 fxe6 13.Bc4 Re8 14.e5 f5
15.g4 fxg4 16.h3 Nd7 17.hxg4 Nxe5 18.Bb3 Nxg4 19.Rd4 Bxc3 20.Rxg4 Bf6 21.Rxh7 a5
22.Rg6 a4 23.Bc4 Be5 24.Bxe6+ Kb8 25.a3 Ra5 26.Rg8  1/2-1/2

[Event "GM"]
[Site "Elgoibar ESP"]
[Date "2005.12.15"]
[Round "7"]
[White "Korneev,O"]
[Black "Paunovic,D"]
[Result "1-0"]
[WhiteElo "2601"]
[BlackElo "2514"]

1.e4 d6 2.d4 Nf6 3.Nc3 e5 4.Nf3 Nbd7 5.Bc4 Be7 6.O-O O-O 7.Re1 c6 8.a4 a5
9.h3 Nb6 10.Ba2 Nfd7 11.Be3 exd4 12.Bxd4 Nc5 13.Bxc5 dxc5 14.Qe2 Qd6 15.Rad1 Qh6
16.e5 Be6 17.Bxe6 Qxe6 18.b3 Rad8 19.Ne4 Rxd1 20.Qxd1 Rd8 21.Qb1 Nd5 22.c4 Nf4
23.Neg5 Bxg5 24.Nxg5 Qg6 25.Qxg6 hxg6 26.g3 Ne6 27.Nxe6 fxe6 28.Re2 Rd1+
29.Kg2 Kf7 30.h4 Rd4 31.f4 b5 32.cxb5 cxb5 33.axb5 Rb4 34.Kh3 g5 35.hxg5 g6
36.Rc2 Rxb5 37.Kg2 Ke7 38.Kf2 Kd7 39.Ke2 Kc6 40.Rd2 Rb4 41.Rd6+ Kb5 42.Rxe6 Rxb3
43.Rxg6 a4 44.Rg8 Kc6 45.g6 Rxg3 46.g7 Kb7 47.e6 a3 48.e7 a2 49.e8=Q a1=Q
50.Qd7+  1-0

[Event "12th Women"]
[Site "Zadar CRO"]
[Date "2005.12.15"]
[Round "5"]
[White "Randjelovic,D1"]
[Black "Voiska,M"]
[Result "1/2-1/2"]
[WhiteElo "2076"]
[BlackElo "2309"]

1.e4 d6 2.d4 Nf6 3.Nc3 e5 4.Nf3 Nbd7 5.Bc4 Be7 6.O-O O-O 7.Re1 c6 8.a4 a5
9.b3 h6 10.Bb2 Nh7 11.dxe5 dxe5 12.Ne2 Bb4 13.Rf1 Ng5 14.Ng3 Qf6 15.Nxg5 hxg5
16.Qh5 Nb6 17.Bd3 Re8 18.Bc1 Be7 19.Be3 c5 20.Qe2 Rd8 21.f3 Be6 22.Bb5 Nc8
23.Qf2 b6 24.Bc6 Rb8 25.Bb5 Na7 26.Rfd1 g6 27.h3 Rxd1+ 28.Rxd1 Rd8 29.Rxd8+ Bxd8
30.Ne2 Qe7 31.Nc3 f6  1/2-1/2

[Event "GM"]
[Site "Elgoibar ESP"]
[Date "2005.12.17"]
[Round "9"]
[White "Mirzoev,A"]
[Black "Paunovic,D"]
[Result "1/2-1/2"]
[WhiteElo "2520"]
[BlackElo "2514"]

1.d4 d6 2.e4 Nf6 3.Nc3 e5 4.Nf3 Nbd7 5.Bc4 Be7 6.O-O O-O 7.Re1 c6 8.a4 a5
9.h3 h6 10.Be3 Re8 11.Qb1 exd4 12.Bxd4 Nf8 13.Qa2 Be6 14.Rad1 N6d7 15.Be3 Bxc4
16.Qxc4 Ne6 17.Nd4 Ne5 18.Qf1 Nxd4 19.Bxd4 Qc7 20.Ne2 Bh4 21.Bc3 Nd7 22.Nd4 g6
23.Nb3 Ne5 24.Qe2 Bg5 25.Nd2 h5 26.Nc4  1/2-1/2

[Event "5th Amplico AIG Life"]
[Site "Warsaw POL"]
[Date "2005.12.17"]
[Round "2"]
[White "Grabarczyk,B"]
[Black "Cherednichenko,S"]
[Result "1-0"]
[WhiteElo "2472"]
[BlackElo "2180"]

1.e4 d6 2.d4 Nf6 3.Nc3 e5 4.Nf3 Nbd7 5.Bc4 Be7 6.O-O O-O 7.Re1 c6 8.a4 a5
9.b3 Qc7 10.Ba3 b6 11.d5 Bb7 12.dxc6 Bxc6 13.Nb5 Bxb5 14.Bxb5 Nc5 15.Nd2 d5
16.exd5 Nxd5 17.Qf3 Rad8 18.Nc4 Bf6 19.Rad1 Nf4 20.Qc6 Qxc6 21.Bxc6 Ne2+
22.Kf1 Nd4 23.Nxb6 Nxc2 24.Bxc5 Nxe1 25.Rxe1 Rc8 26.Nxc8 Rxc8 27.Bd6 Rxc6
28.Bxe5 Be7 29.Bc3 Rxc3 30.Rxe7 g6 31.Rb7 Rc2 32.g4 h6 33.Kg2 Rc3 34.h4 Kg7
35.f3 Rd3 36.Kg3 Rc3 37.Kf4 g5+ 38.hxg5 hxg5+ 39.Ke4 Kg6 40.Rb6+ f6 41.Rb5 Kf7
42.Rxa5 Rxb3 43.Rb5 Ra3 44.a5 Ra4+ 45.Kd5 Ra3 46.Kc6 Rxf3 47.a6 Ke8  1-0